Discover Your Destiny (Record no. 85767)
[ view plain ]
| 000 -LEADER | |
|---|---|
| fixed length control field | 00515nam a2200205Ia 4500 |
| 005 - DATE AND TIME OF LATEST TRANSACTION | |
| control field | 20251118163445.0 |
| 008 - FIXED-LENGTH DATA ELEMENTS--GENERAL INFORMATION | |
| fixed length control field | 230125s9999 xx 000 0 und d |
| 020 ## - INTERNATIONAL STANDARD BOOK NUMBER | |
| International Standard Book Number | 10-81-7992-230-8 |
| 041 ## - LANGUAGE CODE | |
| Language code of text/sound track or separate title | eng |
| 082 ## - DEWEY DECIMAL CLASSIFICATION NUMBER | |
| Classification number | 823 |
| Item number | SHA |
| 100 ## - MAIN ENTRY--PERSONAL NAME | |
| Author | Sharma R |
| 245 ## - TITLE STATEMENT | |
| Title | Discover Your Destiny |
| 260 ## - PUBLICATION, DISTRIBUTION, ETC. | |
| Date of publication, distribution, etc. | 2008 |
| Name of publisher, distributor, etc. | Jaico Publishing House |
| Place of publication, distribution, etc. | Mumbai |
| 300 ## - PHYSICAL DESCRIPTION | |
| Extent | 198p |
| 500 ## - GENERAL NOTE | |
| Keywords | Personality Development, |
| 650 ## - SUBJECT ADDED ENTRY--TOPICAL TERM | |
| Topical term or geographic name entry element | English Literature |
| 700 ## - ADDED ENTRY--PERSONAL NAME | |
| Personal name | Sharma R |
| 942 ## - ADDED ENTRY ELEMENTS (KOHA) | |
| Koha item type | Books |
| 906 ## - LOCAL DATA ELEMENT F, LDF (RLIN) | |
| b | 39 |
| Withdrawn status | Lost status | Damaged status | Not for loan | Home library | Current library | Date acquired | Vendor | Net Price | Bill number | Total Checkouts | Full call number | Barcode | Date last seen | Actual Price | Bill Date | Koha item type | Original Barcode |
|---|---|---|---|---|---|---|---|---|---|---|---|---|---|---|---|---|---|
| Smt. Hiraben Nanavati Institute of Management & Research for Women | Smt. Hiraben Nanavati Institute of Management & Research for Women | 29/10/2009 | Forward Books | 195.00 | 3151 | 823 SHA B07894 | HIMR-BK-7894 | 25/01/2023 | 156.00 | 15/10/2009 | Books | B07894 | |||||
| Smt. Hiraben Nanavati Institute of Management & Research for Women | Smt. Hiraben Nanavati Institute of Management & Research for Women | 29/10/2009 | Forward Books | 195.00 | 3151 | 823 SHA B07893 | HIMR-BK-7893 | 25/01/2023 | 156.00 | 15/10/2009 | Books | B07893 | |||||
| Smt. Hiraben Nanavati Institute of Management & Research for Women | Smt. Hiraben Nanavati Institute of Management & Research for Women | 29/10/2009 | Forward Books | 185.00 | 3151 | 823 SHA B07896 | HIMR-BK-7896 | 25/01/2023 | 148.00 | 15/10/2009 | Books | B07896 |